Statistiche per Classifica Marcatori Mondiali di Calcio 2018

Clicka qui per fare il quiz!

Statistiche generali

  • Questo quiz è stato fatto 89 volte
  • Il punteggio medio è 8 su 13

Statistiche sulle risposte

GolNazioneCalciatore% Corretto
4PortogalloCristiano Ronaldo
100%
6InghilterraHarry Kane
100%
4BelgioRomelu Lukaku
100%
4FranciaKylian Mbappé
99%
4FranciaAntoine Griezmann
80%
3UruguayEdinson Cavani
80%
3BelgioEden Hazard
68%
3CroaziaMario Mandžukić
68%
3CroaziaIvan Perišić
62%
3SpagnaDiego Costa
28%
3ColombiaYery Mina
14%
3RussiaArtëm Dzjuba
7%
4RussiaDenis Čeryšev
4%

Distribuzione punteggi

Percentile per numero di risposta

Percentuale di utenti per punteggio

I tuoi punteggi nel tempo

Non hai fatto questo quiz